Načítá se...

യേശു വ്യക്തിയും ശക്തിയും

Podrobná bibliografie
Hlavní autoři: എസ് പൈനാടത്ത് എസ് ജെ, S Painadath S J
Médium: Printed Book
Vydáno: Kottayam; Yathra; 1992
Vydání:1st
Témata:
LEADER 00735nam a22001817a 4500
082 |a 230  |b PAI/Y N2 
100 |a എസ് പൈനാടത്ത് എസ് ജെ  |9 211518 
100 |a S Painadath S J  |9 211520 
240 |a Yesu Vyakthiyum Sakthiyum 
245 |a യേശു വ്യക്തിയും ശക്തിയും 
250 |a 1st 
260 |a Kottayam;  |b Yathra;  |c 1992 
300 |a 202p. 
650 |a മലയാളം; ക്രിസ്തുമതം   |9 211522 
650 |a Malayalam; Christian Religion  |9 211524 
942 |c BK 
999 |c 54013  |d 54013 
952 |0 0  |1 0  |4 0  |6 230_000000000000000_PAI_Y_N2  |7 0  |8 Christian   |9 64173  |a MAL  |b MAL  |d 2016-05-31  |e 38469  |l 0  |o 230 PAI/Y N2  |p MAL038469  |r 2016-05-31  |t 1  |w 2016-05-31  |y BK